[Event "Top 16"]
[Site "Clichy"]
[Date "2009.03.22"]
[Round "3.1"]
[White "Adla, D."]
[Black "Fressinet, L."]
[Result "0-1"]
[WhiteElo "2508"]
[BlackElo "2666"]
[PlyCount "118"]
[EventDate "2009.??.??"]

1. c4 Nf6 2. Nf3 c6 3. d4 d5 4. e3 Bg4 5. h3 Bxf3 6. Qxf3 e6 7. Bd3 Nbd7 8. Nc3
Bb4 9. Bd2 O-O 10. a3 Ba5 11. cxd5 exd5 12. b4 Bc7 13. b5 Re8 14. bxc6 bxc6 15.
O-O Nf8 16. Rfd1 Ne6 17. h4 Rb8 18. g3 Ba5 19. Na4 Rb3 20. Bc1 Qc7 21. Bc2 Rb7
22. Bd2 Reb8 23. Qe2 g6 24. Rdc1 Re8 25. Bxa5 Qxa5 26. Qd1 Rc7 27. Bd3 c5 28.
Nxc5 Nxc5 29. Rxc5 Rxc5 30. dxc5 Qxc5 31. Qa4 Rb8 32. Qf4 Rb6 33. Kf1 h5 34.
Qd4 Qxd4 35. exd4 Rb2 36. Ke1 Kg7 37. Rb1 Ra2 38. Rb3 Ng4 39. f3 Nf6 40. Be2
Ng8 41. Rc3 Ne7 42. g4 Kf6 43. Kf2 Ke6 44. Ke3 Kd6 45. Rb3 Nc6 46. Rd3 Ne7 47.
Rb3 f6 48. Bd3 hxg4 49. fxg4 Rh2 50. Rb7 Rh3+ 51. Kd2 Rxh4 52. Rxa7 Nc6 53. Rg7
g5 54. Bf5 Nxd4 55. Bc8 Nf3+ 56. Kc3 Ne5 57. a4 Rh3+ 58. Kc2 d4 59. a5 Rc3+ 0-1

[Event "Top 16"]
[Site "Clichy"]
[Date "2009.03.22"]
[Round "3.3"]
[White "Marcelin, C."]
[Black "Naiditsch, A."]
[Result "1/2-1/2"]
[WhiteElo "2495"]
[BlackElo "2693"]
[PlyCount "72"]
[EventDate "2009.??.??"]
[TimeControl "6000"]

1. e4 e5 2. Bc4 Nf6 3. d3 Nc6 4. Nc3 Bb4 5. Nge2 d5 6. exd5 Nxd5 7. O-O Nb6 8.
Bb3 O-O 9. f4 Bg4 10. h3 a5 11. hxg4 Bc5+ 12. Rf2 a4 13. Bc4 Bxf2+ 14. Kxf2
Qh4+ 15. Kf1 Nxc4 16. dxc4 Rad8 17. Nd5 Nd4 18. Be3 c6 19. Bxd4 exd4 20. Nb4
Rfe8 21. Nd3 Re3 22. g5 Qh2 23. Qd2 Rde8 24. Ng1 R8e4 25. Qf2 c5 26. b3 a3 27.
Rb1 g6 28. Rc1 b6 29. Rb1 Kg7 30. Rc1 h5 31. Nf3 Qh1+ 32. Qg1 Rxf3+ 33. gxf3
Qxf3+ 34. Qf2 Qh1+ 35. Qg1 Qf3+ 36. Qf2 Qh1+ 1/2-1/2

[Event "Top 16"]
[Site "Clichy"]
[Date "2009.03.22"]
[Round "3.4"]
[White "Tregubov, P."]
[Black "Aguettaz, M."]
[Result "1-0"]
[WhiteElo "2647"]
[BlackElo "2396"]
[PlyCount "153"]
[EventDate "2009.??.??"]
[TimeControl "6000"]

1. d4 Nf6 2. c4 g6 3. g3 Bg7 4. Bg2 d6 5. Nc3 O-O 6. Nf3 Nbd7 7. O-O e5 8. e4
a6 9. Re1 exd4 10. Nxd4 Ng4 11. h3 Qf6 12. hxg4 Qxd4 13. Nd5 c6 14. Ne7+ Kh8
15. Bf4 Qxd1 16. Raxd1 Ne5 17. Nxc8 Raxc8 18. b3 Rfd8 19. Bd2 b6 20. Bg5 Rd7
21. Re2 c5 22. Red2 h6 23. Be3 Rcd8 24. g5 hxg5 25. Bxg5 f6 26. Be3 g5 27. f3
Bf8 28. Kf1 Rh7 29. f4 Ng4 30. Bg1 gxf4 31. gxf4 Be7 32. Bf3 Rg8 33. Rg2 Rh4
34. a3 Nh6 35. Rxg8+ Kxg8 36. Kg2 Nf7 37. Kg3 Rh7 38. b4 Rg7+ 39. Kf2 Nd8 40.
bxc5 bxc5 41. Bh2 Ne6 42. e5 Nd4 43. Bd5+ Kh7 44. Rh1 f5 45. Bg3+ Kg6 46. Rb1
dxe5 47. fxe5 Bg5 48. Rg1 f4 49. Bxf4 Kf5 50. Bxg5 Rxg5 51. Be4+ Kf4 52. Rxg5
Kxg5 53. Ke3 Ne6 54. Bd5 Nc7 55. Ke4 Kg6 56. Kf4 Ne8 57. Be6 Nc7 58. Bh3 Kf7
59. Bf5 Ke7 60. Ke4 Kf7 61. Bc8 Ke7 62. e6 Nxe6 63. Kd5 Nf4+ 64. Kxc5 a5 65.
Kb5 Kd6 66. c5+ Kc7 67. Bf5 Ne2 68. Kxa5 Nd4 69. Be4 Ne6 70. Kb5 Ng5 71. Bd5
Nh7 72. a4 Nf6 73. Bf3 Ng8 74. a5 Ne7 75. a6 Nc8 76. Bb7 Ne7 77. Ka5 1-0

[Event "Top 16"]
[Site "Clichy"]
[Date "2009.03.22"]
[Round "3.5"]
[White "Clery, N."]
[Black "Edouard, R."]
[Result "1-0"]
[WhiteElo "2373"]
[BlackElo "2562"]
[PlyCount "59"]
[EventDate "2009.??.??"]
[TimeControl "6000"]

1. d4 Nf6 2. c4 e6 3. Nc3 Bb4 4. e3 b6 5. Bd3 Bb7 6. Nge2 Bxg2 7. Rg1 Bf3 8.
Bd2 Bxc3 9. Bxc3 Ne4 10. Bxe4 Bxe4 11. Rxg7 d6 12. Nf4 Qf6 13. Rg3 Nd7 14. Qa4
Ke7 15. O-O-O Bg6 16. Qc6 Qf5 17. Nxg6+ hxg6 18. Rd2 g5 19. e4 Qh7 20. h3 Rac8
21. e5 g4 22. d5 Qh6 23. dxe6 Qxe6 24. exd6+ cxd6 25. Qb7 Rb8 26. Qg2 gxh3 27.
Qh2 Qxc4 28. Re3+ Kd8 29. Qxd6 Qc7 30. Qf6+ 1-0

[Event "Top 16"]
[Site "Clichy"]
[Date "2009.03.22"]
[Round "3.6"]
[White "Pelletier, Y."]
[Black "Housieaux, D."]
[Result "1/2-1/2"]
[WhiteElo "2560"]
[BlackElo "2419"]
[PlyCount "86"]
[EventDate "2009.??.??"]
[TimeControl "6000"]

1. Nf3 e6 2. c4 Nf6 3. Nc3 Bb4 4. Qb3 c5 5. g3 O-O 6. Bg2 Nc6 7. O-O Qe7 8. d3
h6 9. e3 Rd8 10. a3 Ba5 11. Qc2 d5 12. cxd5 exd5 13. Na4 Bf5 14. Nxc5 Rac8 15.
Nb3 Bb6 16. Qd1 a5 17. Re1 Qd7 18. Bd2 a4 19. Nc1 Bg4 20. h3 Bxh3 21. Qxa4 Bg4
22. Qb3 Bc7 23. Ne2 Bxf3 24. Bxf3 Qf5 25. Kg2 Ne4 26. Qd1 Ng5 27. Ng1 Ne5 28.
e4 dxe4 29. Bxe4 Nxe4 30. dxe4 Qe6 31. Qe2 Nd3 32. Red1 Nxb2 33. Rdc1 Nd3 34.
Rc3 Be5 35. Rxc8 Qxc8 36. Rd1 Nb2 37. Rc1 Qe6 38. Bb4 Bf6 39. Nf3 Nd3 40. Rd1
Nxb4 41. Rxd8+ Bxd8 42. axb4 Be7 43. b5 Bc5 1/2-1/2

[Event "Top 16"]
[Site "Clichy"]
[Date "2009.03.22"]
[Round "3.7"]
[White "Nguyen, C.M."]
[Black "Maze, S."]
[Result "1-0"]
[WhiteElo "2429"]
[BlackElo "2578"]
[PlyCount "85"]
[EventDate "2009.??.??"]
[TimeControl "6000"]

1. d4 e6 2. c4 c5 3. d5 exd5 4. cxd5 d6 5. Nc3 g6 6. e4 Bg7 7. h3 Nf6 8. Nf3 a6
9. a4 Nbd7 10. Bg5 O-O 11. Nd2 Re8 12. Be2 Qc7 13. O-O Nf8 14. Rc1 N6d7 15. Kh1
h6 16. Be3 b6 17. f4 f5 18. b4 Bb7 19. a5 Qb8 20. bxc5 bxc5 21. Nc4 Bxc3 22.
Rxc3 Rxe4 23. Rb3 Ra7 24. Qd3 Qc7 25. Bf3 Re7 26. g4 fxg4 27. hxg4 Ba8 28. Rb6
Rb7 29. Rxa6 Qb8 30. Rxd6 Rb3 31. Rxg6+ Kh7 32. Rxh6+ Kxh6 33. Qf5 Ng6 34. Qg5+
Kg7 35. f5 Rb1 36. Qh6+ Kg8 37. Qxg6+ Rg7 38. Qe6+ Kh8 39. Rxb1 Qxb1+ 40. Kg2
Qa2+ 41. Nd2 Rxg4+ 42. Kf2 Rg7 43. f6 1-0

[Event "Top 16"]
[Site "Mulhouse"]
[Date "2009.03.22"]
[Round "3.3"]
[White "Sokolov, Andrei"]
[Black "Landenbergue, Claude"]
[Result "1/2-1/2"]
[WhiteElo "2552"]
[BlackElo "2410"]
[PlyCount "93"]
[EventDate "22.??.??"]
[WhiteTeam "Mulhouse Philidor"]
[BlackTeam "Bois-Colombes"]

1. e4 c5 2. Nf3 Nf6 3. e5 Nd5 4. d4 cxd4 5. Qxd4 e6 6. c4 Nc6 7. Qe4 f5 8. Qe2
Bb4+ 9. Bd2 Nf4 10. Qe3 Bxd2+ 11. Nbxd2 Ng6 12. c5 Qa5 13. a3 b6 14. Rc1 bxc5
15. Rxc5 f4 16. Qc3 Qxc3 17. bxc3 O-O 18. Bd3 Bb7 19. O-O Nce7 20. Rb1 Bc6 21.
h4 Rfc8 22. h5 Nh8 23. Rb4 Nd5 24. Rd4 Nb6 25. Ng5 h6 26. Bh7+ Kf8 27. Rxf4+
Ke7 28. Nge4 Bxe4 29. Nxe4 Rxc5 30. Nxc5 Rc8 31. Ne4 Rc4 32. Rg4 Kf8 33. Rf4+
Ke7 34. Rg4 Kf8 35. Rg3 Ra4 36. Rf3+ Ke7 37. Rg3 Kf8 38. c4 Rxc4 39. Rf3+ Ke7
40. Rg3 Kf8 41. Nd6 Rc1+ 42. Kh2 Rc5 43. f4 Nf7 44. Ne4 Rc4 45. Rb3 Ke7 46. Rg3
Kf8 47. Rb3 1/2-1/2

[Event "Top 16"]
[Site "Mulhouse"]
[Date "2009.03.22"]
[Round "3.4"]
[White "Guichard, Pauline"]
[Black "Abergel, Thal"]
[Result "1/2-1/2"]
[WhiteElo "2268"]
[BlackElo "2509"]
[PlyCount "69"]
[EventDate "22.??.??"]
[WhiteTeam "Bois-Colombes"]
[BlackTeam "Mulhouse Philidor"]

1. d4 d5 2. c4 c6 3. Nc3 Nf6 4. Nf3 a6 5. e3 b5 6. b3 Bg4 7. Bb2 e6 8. Be2 Bd6
9. h3 Bxf3 10. Bxf3 b4 11. Na4 Nbd7 12. O-O O-O 13. Qe1 Ne4 14. Bxe4 dxe4 15.
c5 Bb8 16. Qxb4 Qc7 17. g3 Nf6 18. Nb6 Ra7 19. Nc4 Nd5 20. Qd2 f5 21. Nd6 Qd8
22. Ba3 Qg5 23. Kh2 Rf6 24. Rae1 Rh6 25. Kg2 Bxd6 26. cxd6 Rf7 27. Bc1 Qh5 28.
Rh1 Qf3+ 29. Kg1 Rg6 30. Rh2 f4 31. exf4 e3 32. Rxe3 Qxf4 33. Re1 Qxd6 34. Rg2
Rf3 35. Qe2 1/2-1/2

[Event "Top 16"]
[Site "Mulhouse"]
[Date "2009.03.22"]
[Round "3.6"]
[White "Vuilleumier, Alexandre"]
[Black "Wirig, Anthony"]
[Result "1/2-1/2"]
[WhiteElo "2305"]
[BlackElo "2464"]
[PlyCount "61"]
[EventDate "22.??.??"]
[WhiteTeam "Bois-Colombes"]
[BlackTeam "Mulhouse Philidor"]

1. d4 Nf6 2. c4 e6 3. Nf3 Bb4+ 4. Bd2 Qe7 5. Nc3 O-O 6. Qc2 d6 7. a3 Bxc3 8.
Bxc3 Nbd7 9. e3 b6 10. Bd3 Bb7 11. O-O e5 12. dxe5 Nxe5 13. Nxe5 dxe5 14. f4 h6
15. fxe5 Ng4 16. Rf4 Nxe5 17. Bh7+ Kh8 18. Be4 Bxe4 19. Rxe4 f6 20. Rd1 Rad8
21. Rdd4 Rde8 22. Rd1 Qf7 23. Bxe5 fxe5 24. Rg4 Rd8 25. Rc1 Qd7 26. h3 Qd2 27.
Qxd2 Rxd2 28. c5 Rf7 29. b4 Rd3 30. Re4 Rxa3 31. Rxe5 1/2-1/2

[Event "Top 16"]
[Site "Mulhouse"]
[Date "2009.03.22"]
[Round "3.8"]
[White "Stenel, Vincent"]
[Black "Muller, Anne"]
[Result "1-0"]
[WhiteElo "2103"]
[BlackElo "2120"]
[PlyCount "75"]
[EventDate "22.??.??"]
[WhiteTeam "Bois-Colombes"]
[BlackTeam "Mulhouse Philidor"]

1. e4 c5 2. Nc3 Nc6 3. g3 g6 4. Bg2 Bg7 5. d3 Rb8 6. Nf3 b5 7. O-O d6 8. Ne2
Nf6 9. d4 cxd4 10. Nfxd4 Nxd4 11. Nxd4 Qc7 12. Re1 O-O 13. c3 Bg4 14. Qb3 a6
15. e5 dxe5 16. Nc6 Rb6 17. Nxe5 Be6 18. Qa3 Nd5 19. Nd3 Re8 20. Nc5 b4 21.
cxb4 Nxb4 22. Nxe6 fxe6 23. Be3 Rbb8 24. Rac1 Nc2 25. Qxa6 Rxb2 26. Qxe6+ Kh8
27. Bf4 Qa5 28. Qd7 Rd8 29. Qxe7 Nxe1 30. Bc7 Qd2 31. Qxd8+ Qxd8 32. Bxd8 Nxg2
33. Rc8 Rb1+ 34. Kxg2 Kg8 35. Bf6+ Kf7 36. Bxg7 Kxg7 37. Rc7+ Kh6 38. h4 1-0

[Event "Top 16"]
[Site "Mulhouse"]
[Date "2009.03.22"]
[Round "3.1"]
[White "Komarov, Dimitri"]
[Black "Svidler, Peter"]
[Result "1/2-1/2"]
[WhiteElo "2530"]
[BlackElo "2723"]
[PlyCount "58"]
[EventDate "22.??.??"]
[WhiteTeam "Drancy"]
[BlackTeam "Evry Grand Roque"]

1. d4 Nf6 2. c4 g6 3. Nc3 d5 4. Nf3 Bg7 5. cxd5 Nxd5 6. e4 Nxc3 7. bxc3 c5 8.
Bb5+ Nc6 9. O-O cxd4 10. cxd4 O-O 11. Be3 Bg4 12. Bxc6 bxc6 13. Rc1 Qa5 14. Qd2
Qxd2 15. Nxd2 Rfd8 16. Nb3 a5 17. Rxc6 a4 18. Nc5 Be2 19. Re1 Bxd4 20. Rxe2
Bxc5 21. g3 Bxe3 22. Rxe3 Rd2 23. a3 Rb8 24. Rc4 Rbb2 25. Rf3 Rb3 26. Rxb3 axb3
27. Rb4 b2 28. Kg2 Rd3 29. Rxb2 Rxa3 1/2-1/2

[Event "Top 16"]
[Site "Mulhouse"]
[Date "2009.03.22"]
[Round "3.3"]
[White "Legky, Nikolay A"]
[Black "Fedorchuk, Sergey A"]
[Result "0-1"]
[WhiteElo "2468"]
[BlackElo "2633"]
[PlyCount "71"]
[EventDate "22.??.??"]
[WhiteTeam "Drancy"]
[BlackTeam "Evry Grand Roque"]

1. d4 Nf6 2. Nf3 e6 3. Bg5 h6 4. Bh4 b6 5. e3 Bb7 6. Nbd2 Be7 7. Bd3 c5 8. O-O
Nc6 9. c3 cxd4 10. cxd4 Nb4 11. Be2 O-O 12. a3 Nbd5 13. Rc1 d6 14. h3 Nh5 15.
Bxe7 Qxe7 16. Bd3 f5 17. Re1 Qf7 18. Qe2 Rad8 19. Ba6 Ba8 20. Bb5 Nhf6 21. Bc6
Bxc6 22. Rxc6 Qe8 23. Rec1 e5 24. Nf1 e4 25. N3d2 f4 26. Qc4 Kh8 27. Rc2 Qg6
28. exf4 Nxf4 29. Ng3 e3 30. fxe3 Nxh3+ 31. Kh2 Ng4+ 32. Kxh3 Nxe3 33. Qe2 Nxc2
34. Nb3 Rc8 35. d5 Rfe8 36. Qd1 0-1

[Event "Top 16"]
[Site "Mulhouse"]
[Date "2009.03.22"]
[Round "3.4"]
[White "Chuchelov, Vladimir"]
[Black "Lazarev, Vladimir"]
[Result "1-0"]
[WhiteElo "2575"]
[BlackElo "2479"]
[PlyCount "81"]
[EventDate "22.??.??"]
[WhiteTeam "Evry Grand Roque"]
[BlackTeam "Drancy"]

1. c4 e6 2. Nf3 Nf6 3. g3 d5 4. Bg2 dxc4 5. Qa4+ Nbd7 6. Qxc4 c5 7. d3 Bd6 8.
a4 O-O 9. Qb3 Rb8 10. Na3 Bc7 11. Nb5 Ba5+ 12. Bd2 a6 13. Nd6 b5 14. axb5 Bxd2+
15. Nxd2 axb5 16. Nxc8 Qxc8 17. O-O Qc7 18. Rfc1 Qe5 19. e3 c4 20. Qa3 b4 21.
Qa6 cxd3 22. Qxd3 Rfc8 23. Nc4 Qb5 24. Qd4 e5 25. Qh4 e4 26. b3 Ne5 27. Nd6
Rxc1+ 28. Rxc1 Qe2 29. Nxe4 Nfg4 30. h3 Nd3 31. Rf1 Nge5 32. Qe7 h6 33. Nd6 Rf8
34. Nf5 Rc8 35. Qd6 Rc1 36. Ne7+ Kh7 37. Rxc1 Qxf2+ 38. Kh1 Nxc1 39. Qxe5 Qe1+
40. Kh2 g6 41. Qf6 1-0

[Event "Top 16"]
[Site "Mulhouse"]
[Date "2009.03.22"]
[Round "3.5"]
[White "Berthelot, Yannick"]
[Black "Feller, Sebastien"]
[Result "0-1"]
[WhiteElo "2323"]
[BlackElo "2525"]
[PlyCount "72"]
[EventDate "22.??.??"]
[WhiteTeam "Drancy"]
[BlackTeam "Evry Grand Roque"]

1. e4 e6 2. d4 d5 3. Nc3 Nf6 4. Bg5 Bb4 5. e5 h6 6. Be3 Ne4 7. Qg4 Kf8 8. a3
Ba5 9. Bd3 Nxc3 10. Bd2 c5 11. bxc3 Nc6 12. Nf3 c4 13. Be2 Qb6 14. O-O Qb2 15.
Rfc1 Bxc3 16. Bxc3 Qxc3 17. h4 Rg8 18. Qf4 Bd7 19. h5 Ke7 20. Ra2 Raf8 21. Rd1
Kd8 22. Kf1 Kc8 23. Re1 g5 24. Qe3 Qxe3 25. fxe3 g4 26. Nh2 f5 27. exf6 Be8 28.
Bxg4 Rxf6+ 29. Kg1 Rg5 30. Rf1 Rxf1+ 31. Kxf1 Kd7 32. c3 Bxh5 33. Bh3 Ke7 34.
Ke1 Rg8 35. Rf2 b5 36. Rb2 Rb8 0-1

[Event "Top 16"]
[Site "Mulhouse"]
[Date "2009.03.22"]
[Round "3.6"]
[White "Chabanon, Jean-Luc"]
[Black "Karr, Jean-Philippe"]
[Result "0-1"]
[WhiteElo "2454"]
[BlackElo "2388"]
[PlyCount "65"]
[EventDate "22.??.??"]
[WhiteTeam "Evry Grand Roque"]
[BlackTeam "Drancy"]

1. c4 c5 2. Nf3 Nf6 3. d4 cxd4 4. Nxd4 e6 5. g3 d5 6. Bg2 e5 7. Nb3 d4 8. O-O
Nc6 9. Bg5 Be7 10. N1d2 O-O 11. Bxf6 Bxf6 12. Nc5 g6 13. Qa4 Qc7 14. b4 Bg7 15.
Rad1 Nd8 16. Bd5 Qe7 17. Qb5 Bh3 18. Rfe1 Rb8 19. e3 dxe3 20. Rxe3 b6 21. Nf3
Kh8 22. Nd3 f6 23. Qa4 Ne6 24. Rde1 Bh6 25. Re4 Bf5 26. Ndxe5 Bxe4 27. Nc6 Qd7
28. Rxe4 Rbe8 29. Qxa7 Nc7 30. Rd4 Ra8 31. Qb7 Rxa2 32. Rh4 Bg5 33. Nfe5 {
suite iillisible !} 0-1

[Event "Top 16"]
[Site "Mulhouse"]
[Date "2009.03.22"]
[Round "3.7"]
[White "Giffard, Nicolas"]
[Black "Relange, Eloi"]
[Result "1/2-1/2"]
[WhiteElo "2370"]
[BlackElo "2482"]
[PlyCount "62"]
[EventDate "22.??.??"]
[WhiteTeam "Drancy"]
[BlackTeam "Evry Grand Roque"]

1. d4 Nf6 2. c4 g6 3. Nc3 Bg7 4. e4 O-O 5. Bd3 Nc6 6. Nge2 e5 7. d5 Nd4 8. Bg5
c5 9. O-O h6 10. Bxf6 Qxf6 11. Nxd4 exd4 12. Ne2 d6 13. a4 Bd7 14. Ra3 Rae8 15.
a5 h5 16. Qb1 h4 17. h3 Qg5 18. Kh1 f5 19. Ng1 Qf4 20. exf5 Bxf5 21. Bxf5 Qxf5
22. Rd3 b5 23. axb6 axb6 24. Nf3 b5 25. b3 Bf6 26. Nh2 Re2 27. Ng4 Bg7 28. Rfd1
Rfe8 29. Kg1 Qe4 30. Kf1 Kh7 31. Nh2 Kh8 1/2-1/2

[Event "Top 16"]
[Site "Mulhouse"]
[Date "2009.03.22"]
[Round "3.8"]
[White "Milliet, Sophie"]
[Black "Lefevre, Margaux"]
[Result "1-0"]
[WhiteElo "2364"]
[BlackElo "2007"]
[PlyCount "41"]
[EventDate "22.??.??"]
[WhiteTeam "Evry Grand Roque"]
[BlackTeam "Drancy"]

1. e4 c5 2. Nf3 Nc6 3. c3 Nf6 4. e5 Nd5 5. d4 cxd4 6. Bc4 Nb6 7. Bb3 d5 8. exd6
Qxd6 9. O-O Be6 10. Na3 Bxb3 11. Qxb3 Qd5 12. Nb5 Rc8 13. Nfxd4 Qxb3 14. axb3
a6 15. Nxc6 Rxc6 16. Nd4 Rc8 17. b4 Nd7 18. b5 Ra8 19. bxa6 e5 20. Nb5 Kd8 21.
axb7 1-0

[Event "Top16 Mulhouse2"]
[Site "Mulhouse"]
[Date "2009.04.30"]
[Round "4.1"]
[White "Kozakov, Mikhail"]
[Black "Jakovenko, Dmitry"]
[Result "0-1"]
[WhiteElo "2457"]
[BlackElo "2753"]
[PlyCount "128"]
[EventDate "30.??.??"]
[WhiteTeam "Bois-Colombes"]
[BlackTeam "Clichy"]

1. e4 c5 2. Nf3 d6 3. c3 Nf6 4. Be2 g6 5. O-O Bg7 6. Bb5+ Nc6 7. e5 dxe5 8.
Nxe5 Qd5 9. Re1 O-O 10. Bxc6 (10. Nxc6 bxc6 11. Ba4 Bb7 12. Na3 Nh5) 10... bxc6
11. Qa4 Bb7 12. Na3 Nh5 13. Qe4 Rad8 14. Nac4 f6 15. Na5 Ba8 16. Nf3 e5 17. d3
Qxd3 18. Qxd3 Rxd3 19. Be3 Rfd8 20. Bxc5 Nf4 21. Nb3 R3d7 22. Be3 Nd3 23. Red1
c5 24. Ne1 c4 25. Na5 Nxb2 26. Rxd7 Rxd7 27. Rb1 Rd1 28. Rxd1 Nxd1 29. Bxa7 Bd5
30. Nc2 Bf8 31. Kf1 Be6 32. Nb7 Nxc3 33. a3 Bf5 34. Nb4 Nb5 35. Bc5 Bxc5 36.
Nxc5 Nxa3 37. Nd5 Kf7 38. Ke2 Nb5 39. Ne3 Nd6 40. Kd2 Ne4+ 41. Nxe4 Bxe4 42. g3
Bd3 43. h4 g5 44. hxg5 fxg5 45. g4 Kg6 46. Nd5 h5 47. gxh5+ Kxh5 48. Ke3 e4 49.
Kd4 Kg4 50. Ke3 Kh3 51. Nc3 Kg2 52. Nd5 Kf1 53. Nc3 Ke1 54. Nd5 Kd1 55. Nc3+
Ke1 56. Nd5 Kd1 57. Nc3+ Kc2 58. Nd5 Kb2 59. Kd4 Kb3 60. Nc3 Kc2 61. Nd5 Kd2
62. Nc3 g4 63. Nd5 Ke2 64. Ne3 c3 0-1

[Event "Top16 Mulhouse2"]
[Site "Mulhouse"]
[Date "2009.04.30"]
[Round "4.2"]
[White "Fressinet, Laurent"]
[Black "Vuilleumier, Alexandre"]
[Result "1-0"]
[WhiteElo "2664"]
[BlackElo "2312"]
[PlyCount "101"]
[EventDate "30.??.??"]
[WhiteTeam "Clichy"]
[BlackTeam "Bois-Colombes"]

1. d4 Nf6 2. Nf3 e6 3. c4 c5 4. d5 exd5 5. cxd5 d6 6. e4 g6 7. h3 Bg7 8. Bd3
O-O 9. O-O c4 10. Bc2 Na6 11. Nc3 Nc5 12. Be3 Nfd7 13. Bd4 Ne5 14. Nxe5 Bxe5
15. f4 Bxd4+ 16. Qxd4 Qb6 17. Rab1 Nd7 18. Rfd1 a6 19. Qxb6 Nxb6 20. Rd4 Rb8
21. a4 Bd7 22. a5 Na8 23. Rxc4 Rfc8 24. Rxc8+ Rxc8 25. Bd3 Rc5 26. Ra1 Nc7 27.
Kf2 Kg7 28. Ra3 Nb5 29. Nxb5 Bxb5 30. b4 Rc1 31. Bxb5 axb5 32. a6 bxa6 33. Rxa6
Rc4 34. Kf3 Rc3+ 35. Ke2 Rc4 36. Kd3 f5 37. e5 Rxf4 38. Rxd6 Rxb4 39. Rd7+ Kf8
40. e6 Re4 41. Rxh7 b4 42. d6 Rxe6 43. d7 Rd6+ 44. Kc4 g5 45. Kxb4 g4 46. Kc5
Rd2 47. Kc6 gxh3 48. gxh3 Rc2+ 49. Kd6 Rd2+ 50. Ke6 Re2+ 51. Kf6 1-0

[Event "Top16 Mulhouse2"]
[Site "Mulhouse"]
[Date "2009.04.30"]
[Round "4.4"]
[White "Maze, Sebastien"]
[Black "Le Roy, Brice"]
[Result "1/2-1/2"]
[WhiteElo "2571"]
[BlackElo "2307"]
[PlyCount "66"]
[EventDate "30.??.??"]
[WhiteTeam "Clichy"]
[BlackTeam "Bois-Colombes"]

1. e4 c5 2. Nf3 Nc6 3. Bb5 e6 4. Bxc6 bxc6 5. d3 Ne7 6. Qe2 Ng6 7. h4 Qc7 8. h5
Ne5 9. Nxe5 Qxe5 10. Nd2 f6 11. g3 Qc7 12. f4 e5 13. Nf3 d6 14. Nh4 Be6 15. Bd2
O-O-O 16. O-O-O Kb8 17. c4 Ka8 18. Rdf1 d5 19. f5 Bf7 20. h6 dxc4 21. dxc4 g5
22. fxg6 hxg6 23. Be3 Bxh6 24. Bxh6 Rxh6 25. Rxf6 Rd4 26. b3 Qa5 27. Qc2 Bxc4
28. Rd1 Ba6 29. Rxd4 exd4 30. Qd2 Qa3+ 31. Qb2 Qb4 32. Qd2 Qa3+ 33. Qb2 Qb4
1/2-1/2

[Event "Top16 Mulhouse2"]
[Site "Mulhouse"]
[Date "2009.04.30"]
[Round "4.5"]
[White "Chomet, Pascal"]
[Black "Edouard, Romain"]
[Result "1/2-1/2"]
[WhiteElo "2342"]
[BlackElo "2594"]
[PlyCount "76"]
[EventDate "30.??.??"]
[WhiteTeam "Bois-Colombes"]
[BlackTeam "Clichy"]

1. e4 c5 2. Nf3 d6 3. d4 cxd4 4. Nxd4 Nf6 5. Nc3 Nc6 6. Be2 e5 7. Nf3 h6 8. Bc4
Be7 9. Be3 O-O 10. Qe2 Be6 11. Rd1 a6 12. O-O Qc7 13. Bb3 Na5 14. Nd5 Nxd5 15.
Bxd5 Rac8 16. c3 Nc4 17. Rd3 b5 18. Ra1 Qb8 19. h3 Kh8 20. Rad1 Qc7 21. Nh2
Bxd5 22. Rxd5 f5 23. exf5 Rxf5 24. f3 Qa5 25. a3 Qa4 26. Nf1 Qb3 27. Bc1 Rff8
28. Ng3 Rcd8 29. Nh5 Nb6 30. R5d3 Qe6 31. Nf4 Qf7 32. Nd5 Nxd5 33. Rxd5 Qe6 34.
Qe4 Rf5 35. a4 $11 bxa4 36. Qxa4 Bg5 37. Bxg5 Rxg5 38. Kh2 Qg6 1/2-1/2

[Event "Top16 Mulhouse2"]
[Site "?"]
[Date "2009.04.30"]
[Round "4.6"]
[White "Pelletier, Yannick"]
[Black "Guichard, Pauline"]
[Result "1-0"]
[WhiteElo "2559"]
[BlackElo "2257"]
[PlyCount "95"]
[EventDate "2009.??.??"]

1. d4 d5 2. c4 c6 3. Nf3 e6 4. e3 Nf6 5. Bd3 Nbd7 6. O-O Bd6 7. Nc3 O-O 8. e4
dxc4 9. Bxc4 e5 10. Be3 Qe7 11. Bb3 exd4 12. Bxd4 Ne5 13. Bxe5 Bxe5 14. Nxe5
Qxe5 15. f4 Qc5+ 16. Kh1 Re8 17. e5 Bg4 18. Qd3 Nd5 19. Nxd5 cxd5 20. Rac1 Qa5
21. h3 Be6 22. f5 Bd7 23. Bxd5 Bc6 24. Bxc6 bxc6 25. e6 fxe6 26. f6 gxf6 27.
Rxf6 Qg5 28. Qc3 Re7 29. Qxc6 Qxf6 30. Qxa8+ Kg7 31. Rc3 e5 32. Rf3 Qh4 33.
Qf8+ Kg6 34. Qf5+ Kh6 35. g3 Qg5 36. Qf8+ Qg7 37. Rf6+ Kh5 38. Qxg7 Rxg7 39.
Rf5+ Kh6 40. g4 Rd7 41. Rxe5 Rd2 42. Rb5 a6 43. Rb7 Kg5 44. Kg1 Kh4 45. Rxh7+
Kg3 46. Kf1 Rxb2 47. g5 Rb6 48. Ke2 1-0

[Event "Top16 Mulhouse2"]
[Site "Mulhouse"]
[Date "2009.04.30"]
[Round "4.7"]
[White "Derieux, Christian"]
[Black "Skripchenko, Almira"]
[Result "0-1"]
[WhiteElo "2144"]
[BlackElo "2449"]
[PlyCount "43"]
[EventDate "30.??.??"]
[WhiteTeam "Bois-Colombes"]
[BlackTeam "Clichy"]

1. d4 d6 2. c4 e5 3. Nc3 exd4 4. Qxd4 Nc6 5. Qd2 Nf6 6. g3 Be6 7. Nd5 Ne5 8. b3
Ne4 9. Qe3 Nc5 10. Nh3 c6 11. Nc3 Qa5 12. Rb1 Ned3+ 13. exd3 Qxc3+ 14. Bd2 Qc2
15. Rc1 Qxa2 16. Nf4 Qxb3 17. Bc3 O-O-O 18. Nxe6 Nxe6 19. Bh3 Kb8 20. O-O h5
21. Qd2 h4 22. Rfe1 {partie ilisible 35 coups 0-1} 0-1

[Event "Top16 Mulhouse2"]
[Site "Mulhouse"]
[Date "2009.04.30"]
[Round "4.8"]
[White "Mullon, Jean-Baptiste"]
[Black "Stenel, Vincent"]
[Result "1-0"]
[WhiteElo "2333"]
[BlackElo "2103"]
[PlyCount "65"]
[EventDate "30.??.??"]
[WhiteTeam "Clichy"]
[BlackTeam "Bois-Colombes"]

1. e4 e6 2. d4 d5 3. e5 c5 4. c3 Qb6 5. Nf3 Nc6 6. a3 cxd4 7. cxd4 Bd7 8. Nc3
Na5 9. b4 Qc6 10. bxa5 Qxc3+ 11. Bd2 Qc8 12. Bd3 a6 13. Qb1 Ne7 14. h4 Bc6 15.
h5 h6 16. O-O Qd7 17. Rc1 Nc8 18. Rc3 Be7 19. Qc1 Na7 20. Ne1 Bd8 21. Rc2 Ba4
22. Rb2 Bc6 23. Qd1 O-O 24. Bb1 f5 25. Nd3 Nb5 26. a4 Na7 27. Nc5 Qf7 28. Rb3
Bg5 29. Rg3 f4 30. Rc3 Rfe8 31. Qg4 Re7 32. Rf3 Be8 33. Bg6 1-0

[Event "Top16 Mulhouse2"]
[Site "Mulhouse"]
[Date "2009.04.30"]
[Round "4.1"]
[White "Komarov, Dimitri"]
[Black "Gofshtein, Leonid"]
[Result "1/2-1/2"]
[WhiteElo "2530"]
[BlackElo "2533"]
[PlyCount "30"]
[EventDate "30.??.??"]
[WhiteTeam "Drancy"]
[BlackTeam "Noyon"]

1. Nf3 Nf6 2. c4 c6 3. d4 d5 4. e3 a6 5. Nc3 b6 6. b3 Bg4 7. Be2 e6 8. O-O Nbd7
9. h3 Bh5 10. Bb2 Bd6 11. Ne5 Bxe2 12. Nxe2 Rc8 13. a4 O-O 14. Nxd7 Qxd7 15.
Qd3 a5 1/2-1/2

[Event "Top16 Mulhouse2"]
[Site "Mulhouse"]
[Date "2009.04.30"]
[Round "4.2"]
[White "Adla, Diego"]
[Black "Todorov, Todor"]
[Result "1-0"]
[WhiteElo "2508"]
[BlackElo "2503"]
[PlyCount "73"]
[EventDate "30.??.??"]
[WhiteTeam "Noyon"]
[BlackTeam "Drancy"]

1. c4 g6 2. Nc3 Bg7 3. Nf3 d6 4. g3 Nf6 5. Bg2 O-O 6. O-O c6 7. d3 a6 8. Bg5 h6
9. Bd2 d5 10. Qc1 Kh7 11. e4 dxe4 12. dxe4 Nbd7 13. Rd1 Qc7 14. h3 Ne5 15. Nxe5
Qxe5 16. Bf4 Qc5 17. Na4 Qh5 18. e5 Bxh3 19. exf6 Bxf6 20. Bxh3 Qxh3 21. Rd2
Rad8 22. Qf1 Qf5 23. Rad1 Rxd2 24. Rxd2 h5 25. Qd3 Qa5 26. Nc3 Kg7 27. Be3 h4
28. g4 h3 29. f4 e5 30. g5 Be7 31. Qe4 Rh8 32. Kh2 Rh4 33. c5 Bxg5 34. Rd7 Rxf4
35. Qxe5+ Bf6 36. Qxf4 Bxc3 37. Qxf7+ 1-0